<Der> eigene Weg der Deutschen Bank.

Úspechy Deutsche Bank-y (DB) v oblasti uzatvárania životných poistiek. Diskusie o rozširovaní finančných služieb bánk o poisťovacie služby. Rýchly prienik DB do poisťovníctva a marketingová stratégia banky. Organizácia poisťovacích služieb DB cez dcérske spoločnosti a formu koncernu. Nové produkty f...

Ausführliche Beschreibung

Gespeichert in:
Bibliographische Detailangaben
1. Verfasser: Slottko, S.M
Format: Buchkapitel
Sprache:Deutsch
Schlagworte:
Tags: Tag hinzufügen
Keine Tags, Fügen Sie das erste Tag hinzu!

MARC

LEADER 00000naa a2200000 4500
001 r010313
005 20221208123430.3
041 0 |a ger 
044 |a DE 
245 1 0 |a <Der> eigene Weg der Deutschen Bank.  |c S.M. Slottko 
520 |a Úspechy Deutsche Bank-y (DB) v oblasti uzatvárania životných poistiek. Diskusie o rozširovaní finančných služieb bánk o poisťovacie služby. Rýchly prienik DB do poisťovníctva a marketingová stratégia banky. Organizácia poisťovacích služieb DB cez dcérske spoločnosti a formu koncernu. Nové produkty finančných služieb. Poradenstvo pre zákazníkov. 
610 2 0 |a poistenie životné 
610 2 0 |a financie 
610 2 0 |a služby 
610 2 0 |a poradenstvo 
610 2 0 |a zákazníci 
610 2 0 |a banky 
610 2 0 |a marketing 
610 2 0 |a poisťovníctvo 
610 2 0 |a štruktúra organizačná 
610 2 0 |a Nemecko 
610 2 0 |a Deutsche Bank 
610 2 0 |a zmluvy poistné 
100 1 |a Slottko, S.M.